Dynamic Web Application Development using XML and Java / (Record no. 16639)
[ view plain ]
| 000 -LEADER | |
|---|---|
| fixed length control field | 01526nam a22003491a 4500 |
| 001 - CONTROL NUMBER | |
| control field | 014605378 |
| 003 - CONTROL NUMBER IDENTIFIER | |
| control field | Uk |
| 005 - DATE AND TIME OF LATEST TRANSACTION | |
| control field | 20100211213802.0 |
| 008 - FIXED-LENGTH DATA ELEMENTS--GENERAL INFORMATION | |
| fixed length control field | 091110s2008 enka |||| 001|0 eng| |
| 015 ## - NATIONAL BIBLIOGRAPHY NUMBER | |
| National bibliography number | GBB024618 |
| Source | bnb |
| 020 ## - INTERNATIONAL STANDARD BOOK NUMBER | |
| International Standard Book Number | 1844805417 (pbk.) : |
| 020 ## - INTERNATIONAL STANDARD BOOK NUMBER | |
| International Standard Book Number | 9781844805419 (pbk.) : |
| 040 ## - CATALOGING SOURCE | |
| Original cataloging agency | StDuBDS |
| Language of cataloging | eng |
| Transcribing agency | StDuBDS |
| 042 ## - AUTHENTICATION CODE | |
| Authentication code | ukblsr |
| 082 04 - DEWEY DECIMAL CLASSIFICATION NUMBER | |
| Classification number | 006.76 |
| Edition number | 22 |
| Item number | PAR |
| 100 1# - MAIN ENTRY--PERSONAL NAME | |
| Personal name | Parsons, David, |
| Dates associated with a name | 1959 Oct. 13- |
| 9 (RLIN) | 29610 |
| 245 10 - TITLE STATEMENT | |
| Title | Dynamic Web Application Development using XML and Java / |
| Statement of responsibility, etc | David Parsons. |
| 260 ## - PUBLICATION, DISTRIBUTION, ETC. (IMPRINT) | |
| Place of publication, distribution, etc | London : |
| Name of publisher, distributor, etc | Course Technology Cengage Learning, |
| Date of publication, distribution, etc | c2008. |
| 300 ## - PHYSICAL DESCRIPTION | |
| Extent | xix, 624 p. : |
| Other physical details | ill. ; |
| Dimensions | 25 cm. + |
| Accompanying material | 1 CD-ROM (4 3/4 in.) |
| 500 ## - GENERAL NOTE | |
| General note | Includes index. |
| 541 ## - IMMEDIATE SOURCE OF ACQUISITION NOTE | |
| Source of acquisition | Dr. Hani Ghali ; |
| 650 #0 - SUBJECT ADDED ENTRY--TOPICAL TERM | |
| Topical term or geographic name as entry element | Application software |
| General subdivision | Development. |
| 9 (RLIN) | 29611 |
| 650 #0 - SUBJECT ADDED ENTRY--TOPICAL TERM | |
| Topical term or geographic name as entry element | XML (Document markup language) |
| 9 (RLIN) | 29612 |
| 650 #0 - SUBJECT ADDED ENTRY--TOPICAL TERM | |
| Topical term or geographic name as entry element | Web site development. |
| 9 (RLIN) | 29613 |
| 650 #0 - SUBJECT ADDED ENTRY--TOPICAL TERM | |
| Topical term or geographic name as entry element | Java (Computer program language) |
| 9 (RLIN) | 29614 |
| 653 ## - INDEX TERM--UNCONTROLLED | |
| Resource For college | |
| Arrived date list | April2012 |
| 366 ## - TRADE AVAILABILITY INFORMATION | |
| Detailed date of publication | 20080425 |
| Availability status code | IP |
| Publishers' discount category | ACENL001 |
| ISO country code | GB |
| MARC country code | xxk |
| Identification of agency | Cengage Learning Services |
| Source of availability status code | UK-WkNB |
| 942 ## - ADDED ENTRY ELEMENTS (KOHA) | |
| Source of classification or shelving scheme | Dewey Decimal Classification |
| Item type | Book - Borrowing |
| Withdrawn status | Item status | Source of classification or shelving scheme | Damaged status | Not for loan | Vendor | Home library | Current library | Shelving location | Date acquired | Source of acquisition | Total Checkouts | Total Renewals | Full call number | Barcode | Date last seen | Date last borrowed | Koha item type |
|---|---|---|---|---|---|---|---|---|---|---|---|---|---|---|---|---|---|
| Dewey Decimal Classification | Central Library | Central Library | Lower Floor | 10/04/2012 | Donation | 1 | 1 | 006.76 PAR | 000026576 | 15/07/2025 | 11/04/2012 | Book - Borrowing | |||||
| Dewey Decimal Classification | Central Library | Central Library | Lower Floor | 11/04/2012 | Donation | 1 | 1 | 006.76 PAR | 000025920 | 24/08/2022 | 11/04/2012 | CD | DVD - With book |